Statistiche per Elenca la formazione - Quiz n°98

Clicka qui per fare il quiz!

Statistiche generali

  • Questo quiz è stato fatto 12 volte
  • Il punteggio medio è 9 su 11

Statistiche sulle risposte

RuoloNazioneCalciatore% Corretto
AttaccanteBosnia ed ErzegovinaEdin Džeko
100%
AttaccanteArgentinaSergio Agüero
100%
CentrocampistaCosta d'AvorioYaya Touré
100%
CentrocampistaSpagnaDavid Silva
91%
DifensoreBelgioVincent Kompany
91%
DifensoreSerbiaAleksandar Kolarov
82%
DifensoreArgentinaPablo Zabaleta
82%
CentrocampistaBrasileFernandinho
64%
CentrocampistaFranciaSamir Nasri
64%
DifensoreArgentinaMartín Demichelis
55%
PortiereRomaniaCostel Pantilimon
36%

Distribuzione punteggi

Percentile per numero di risposta

Percentuale di utenti per punteggio

I tuoi punteggi nel tempo

Non hai fatto questo quiz